| 000 | 00672nam a2200241 a 4500 | ||
|---|---|---|---|
| 001 | BRL_161 | ||
| 005 | 20190320210620.0 | ||
| 008 | 870420s1947 sz-a######---#000-0#ger-# | ||
| 040 |
_aDLC _cMWelC _dOCoLC |
||
| 041 | _ager | ||
| 044 | _asz | ||
| 050 | 4 |
_aNE2165.R5 _b.C84 1947 |
|
| 100 | 1 |
_aCuendet, William _d1886-1958 _923075 |
|
| 245 | 1 | 0 |
_aRembrandt / Radierungen _ctext von William Cuendet. |
| 260 |
_aSuiza _bManesse Verlag _c1947 |
||
| 300 |
_axxxi, xxxv-li, 216 p. _bil. _c31 cm. |
||
| 500 | _aAu195 | ||
| 600 | 1 | 4 |
_aRembrandt Harmenszoon van Rijn _d1606-1669 _97376 |
| 650 | 1 | 4 |
_aGrabados _95058 |
| 650 | 1 | 4 |
_aAguafuertes _97433 |
| 902 | _aGRL | ||
| 942 |
_2lcc _cB |
||
| 999 |
_c8974 _d8974 |
||